| 000 | 00700nam a22001937i 4500 | ||
|---|---|---|---|
| 999 |
_c23026 _d23026 |
||
| 003 | AR-CdUCM | ||
| 008 | 240909b20222022 pe||||| |||| 00| 0 spa d | ||
| 020 | _a978-612-5060-47-1 | ||
| 040 |
_aMUNICIPALIDAD PROVINCIAL DEL CUSCO _cBIBLIOTECA MUNICIPAL DEL CUSCO |
||
| 041 | _hspa | ||
| 082 |
_aPI / 869.56 / C62C _bC62C |
||
| 100 |
_aCifuentes, Rosa María _950319 |
||
| 245 | _aCuentos con Valores | ||
| 260 |
_aLima : _bEditorial Planeta Perú SA. _c2022 |
||
| 300 |
_a79 páginas. : _c27 cm. |
||
| 505 | _aUn ángel para ti -- La voz amiga -- el jarrón de tu mama -- solo de tu mano -- Cajita de talentos -- mi amigo Nicolás -- Señora Luna | ||
| 942 |
_2ddc _cLIBROS |
||
| 945 |
_apbj _d09-09-2024 |
||